History Quiz

Random History or Politics Quiz

Worldwide 2016 Presidential Elections Quiz Stats

 Plays Quiz not verified by Sporcle

Score 0/11 Timer 02:00
0 Plays Today
% Correct
USA
97%
Taiwan
90.7%
Iceland
87.7%
Austria
81.3%
Peru
69.1%
Philippines
67%
Portugal
66.3%
Ghana
60.4%
Uganda
57.9%
Dominican Republic
56.5%
Niger
54.2%

You're not logged in!

Compare scores with friends on all Sporcle quizzes.
OR
Log In

Show Comments

Extras

Top Quizzes Today


Score Distribution

Your Account Isn't Verified!

In order to create a playlist on Sporcle, you need to verify the email address you used during registration. Go to your Sporcle Settings to finish the process.

Report this User

Report this user for behavior that violates our Community Guidelines.

Details: